000 01190nam a2200361 i 4500
999 _c2681
_d2681
001 019667159
003 UkOxU
005 20230809155647.0
008 131030s2014 enka 000 0 eng d
015 _aGBB3A8911
_2bnb
020 _a9780198393023
_qStudent book
035 _a(Uk)016557315
035 _a(StEdALDL)1/3132259
040 _aStDuBDS
_beng
_erda
_cStDuBDS
_dUkOxU
_dKH8
049 _aCROBAR
082 0 4 _a910 GAL
100 1 _aGallagher, Rosemarie,
_d1948-
_eauthor.
245 1 0 _ageog.
_n1 :
_bStudent book /
_cRoseMarie Gallagher, Richard Parish, Janet Williamson.
250 _a4th edition.
264 1 _aOxford :
_bOxford University Press,
_c2014.
264 4 _c©2014
300 _a4 volumes :
_billustrations ;
_c28 cm
336 _atext
_2rdacontent
337 _aunmediated
_2rdamedia
338 _avolume
_2rdacarrier
505 0 _aStudent book -- Workbook / Justin Woolliscroft -- Workbook answer book / Justin Woolliscroft -- Teacher's handbook.
521 2 _aKey Stage 3.
650 0 _aGeography.
700 1 _aParish, Richard,
_d1953-
_eauthor.
700 1 _aWilliamson, Janet,
_eauthor.
700 1 _aWoolliscroft, Justin,
_eauthor.
942 _2ddc
_cTR